Alle Nationalitäten, die jemals für Eintracht Frankfurt gespielt haben - Statistiken

Allgemein
  • Dieses Quiz wurde 32 mal gespielt
  • Das Durchschnittsergebnis liegt bei 60 aus 78
Antwortstatistiken
Hint Antwort % Korrekt
Europa Belgien
100%
Europa Dänemark
100%
Europa Deutschland
100%
Europa Frankreich
100%
Europa Italien
100%
Europa Österreich
100%
Europa Portugal
100%
Afrika Ägypten
96%
Europa Finnland
96%
Europa Griechenland
96%
Asien Japan
96%
Europa Kroatien
96%
Afrika Marokko
96%
Nordamerika Mexiko
96%
Europa Niederlande
96%
Europa Russland
96%
Europa Schweden
96%
Europa Schweiz
96%
Europa Slowakei
96%
Europa Spanien
96%
Europa Ungarn
96%
Nordamerika Vereinigte Staaten
96%
Afrika Algerien
93%
Afrika Ghana
93%
Nordamerika Kanada
93%
Europa Polen
93%
Europa Serbien
93%
Asien Türkei
93%
Europa Albanien
89%
Südamerika Argentinien
89%
Südamerika Brasilien
89%
Europa Bulgarien
89%
Europa England
89%
Südamerika Kolumbien
89%
Europa Nordmazedonien
89%
Europa Norwegen
89%
Asien Südkorea
89%
Ozeanien Australien
86%
Europa Bosnien-Herzegowina
86%
Asien China
86%
Südamerika Ecuador
86%
Europa Tschechien
86%
Afrika Tunesien
86%
Europa Schottland
82%
Afrika Senegal
82%
Afrika Südafrika
82%
Asien Iran
79%
Europa Montenegro
79%
Südamerika Paraguay
79%
Nordamerika Jamaika
75%
Europa Kosovo
75%
Afrika Nigeria
75%
Südamerika Peru
75%
Südamerika Uruguay
75%
Afrika Elfenbeinküste
68%
Afrika DR Kongo
64%
Asien Israel
64%
Afrika Kamerun
64%
Afrika Kongo
64%
Afrika Togo
64%
Afrika Mali
61%
Asien Zypern
61%
Asien Georgien
57%
Afrika Angola
54%
Asien Aserbaidschan
50%
Afrika Gambia
46%
Afrika Guinea
46%
Nordamerika Haiti
46%
Afrika Liberia
46%
Nordamerika Guatemala
39%
Asien Syrien
39%
Afrika Äquatorialguinea
36%
Afrika Eritrea
32%
Asien Libanon
32%
Asien Philippinen
29%
Afrika Kap Verde
25%
Nordamerika Curacao
11%
Asien Tadschikistan
11%
Keine übereinstimmenden Quizze gefunden
Verteilung der Resultate
Anzahl Personen mit jedem Resultat
Perzentil nach korrekt beantworteten Fragen
Ihre Resultats-Entwicklung
Sie haben dieses Quiz noch nicht gespielt